000 00731nam a2200241 i 4500
001 7022
003 ES-MaACL
005 20230906145137.0
007 t|
008 900723s1989 sp ||||1| spa d
020 _a84-7822-978-7
080 _a92 Pound, Ezra
100 1 _aStock, Noel.
_9108248
245 1 0 _aEzra Pound /
_cNoel Stock.
260 _aValencia :
_bEdicions Alfons el Magnanim,
_cD.L. 1989.
300 _a579 p. ;
_c22 cm.
490 1 _aColección Debates/biografía ;
_v8
500 _aIndice de nombres.
600 1 4 _aPound, Ezra (
_d1885-1972)-
_xBiografías.
_993451
830 0 _aColección Debates/biografía ;
_v8
_9178837
852 _aES-MaACL
_jL-14290
_bR.118222
_z. - cart.
999 _c7022
_d7022